000 01545nam a22001577a 4500
041 _aukr
080 _a09
090 _bЮРЕ
100 _aЮречко, О. І.
245 _aДистанційне навчання в світовій системі освіти
260 _aОстрог
_bКАФ
_c2003
300 _a56
520 _aРозділ 1.Дидактичні аспекти дистанційного навчання та його використання в освіті. 1.1.Світовий досвід використання дистанційного навчання. 1.2.Дистанційне навчання як частина загальної інформаційної інфраструктури. Розділ 2.Концепція розвитку дистанційного навчання в Україні. 2.1.Доцільність створення системи дистанційної освіти в Україні. 2.2.Характерні риси дистанційної освіти в Україні. 2.3.Мета та основні завдання системи дистанційної освіти в Україні. 2.4.Дистанційне навчання в Технологічному університеті Поділля. 2.5.Мережа Інтернет в реалізації співпраці навчальних закладів.
_0дистанційне,навчання, дидактичні,концепція
650 _aResearch Papers
999 _c282619
_d282619
942 _cBK